UBT Library

This Business of Music (Record no. 57369)

000 -LEADER
fixed length control field 00325nam a22001457a 4500
008 - FIXED-LENGTH DATA ELEMENTS--GENERAL INFORMATION
fixed length control field 210517b ||||| |||| 00| 0 eng d
020 ## - INTERNATIONAL STANDARD BOOK NUMBER
International Standard Book Number 9780823077557
041 ## - LANGUAGE CODE
Language code of text/sound track or separate title eng
080 ## - UNIVERSAL DECIMAL CLASSIFICATION NUMBER
Universal Decimal Classification number 781
082 ## - DEWEY DECIMAL CLASSIFICATION NUMBER
Classification number 781
100 ## - Rafti
Rafti 45
101 ## - Shkurtesa
Shkurtesa MUZ
245 ## - TITLE STATEMENT
Title This Business of Music
Statement of responsibility, etc M. William Krasilovsky
942 ## - ADDED ENTRY ELEMENTS (KOHA)
Source of classification or shelving scheme
Item type Books
Holdings
Withdrawn status Lost status Source of classification or shelving scheme Damaged status Not for loan Collection code Permanent location Current location Shelving location Date acquired Total Checkouts Full call number Barcode Date last seen Price effective from Koha item type
          Koleksioni i përgjithshem UBT - Lipjan UBT - Lipjan Koleksioni i përgjithshem 05/17/2021   781 KRA 002-5000003 05/17/2021 05/17/2021 Books
UBT Library © 2015-2024. All rights reserved University Education for Business and Technology